Socialist ideology of Congress; (Record no. 80254)
[ view plain ]
| 000 -LEADER | |
|---|---|
| fixed length control field | 00694cam a22002291 4500 |
| 001 - CONTROL NUMBER | |
| control field | sa 68004643 |
| 003 - CONTROL NUMBER IDENTIFIER | |
| control field | DLC |
| 005 - DATE AND TIME OF LATEST TRANSACTION | |
| control field | 20260227112502.0 |
| 008 - FIXED-LENGTH DATA ELEMENTS--GENERAL INFORMATION | |
| fixed length control field | 681211s1966 ii 00010 eng |
| 010 ## - LIBRARY OF CONGRESS CONTROL NUMBER | |
| LC control number | sa 68004643 //r882 |
| 025 ## - OVERSEAS ACQUISITION NUMBER | |
| Overseas acquisition number | PL480:I-E-8590 |
| 050 0# - LIBRARY OF CONGRESS CALL NUMBER | |
| Classification number | JQ298.I5 |
| Item number | M33 |
| 082 ## - DEWEY DECIMAL CLASSIFICATION NUMBER | |
| Classification number | 329.9/54 |
| 100 10 - MAIN ENTRY--PERSONAL NAME | |
| Personal name | Malaviya, H. D. |
| Fuller form of name | (Harsh Dev), |
| Dates associated with a name | 1917- |
| 245 10 - TITLE STATEMENT | |
| Title | Socialist ideology of Congress; |
| Remainder of title | a study in its evolution |
| Statement of responsibility, etc. | [by] H. D. Malaviya. Foreword by K. Kamaraj. |
| 250 ## - EDITION STATEMENT | |
| Edition statement | [1st ed.] |
| 260 0# - PUBLICATION, DISTRIBUTION, ETC. | |
| Place of publication, distribution, etc. | New Delhi, |
| Name of publisher, distributor, etc. | Socialist Congressman |
| Date of publication, distribution, etc. | [1966] |
| 300 ## - PHYSICAL DESCRIPTION | |
| Extent | ix, 74, lxxiv p. |
| Dimensions | 22 cm. |
| 350 ## - PRICE (NR) (BK AM CF MU VM SE) [OBSOLETE] | |
| Price | Rs 5 |
| 610 20 - SUBJECT ADDED ENTRY--CORPORATE NAME | |
| Corporate name or jurisdiction name as entry element | Indian National Congress. |
| 650 #0 - SUBJECT ADDED ENTRY--TOPICAL TERM | |
| Topical term or geographic name entry element | Socialism |
| Geographic subdivision | India. |
No items available.